000 01344nam0a22002771 4500
001 rc\216123
005 20260406142102.0
010 _a5-7681-0015-6
_9500
035 _a(NLR Aleph) 005464753
090 _a4989477
_c4989477
100 _a20030307d1996 |||y0rusy50 ca
101 0 _arus
102 _aRU
105 _ay |||||||||
200 1 _aЛИЧНОСТЬ: развитие и реализация в творчестве
_eСб. науч. тр.
_fМ-во общ. и проф. образования Рос. Федерации, Акад. гуманит. наук, Курс. гос. техн. ун-т
_g[Редкол.: П.Ф. Кравчук (отв. ред.) и др.]
210 _aКурск
_cКур. Гос. техн. ун-т
_d1996
215 _a170 с.
_d20
225 1 _aГосударственная программа "Народы России: возрождение и развитие"
320 _aБиблиогр. в конце ст.
702 1 _4070
_7ca
_8rus
_aКравчук
_bП. Ф.
_cд-р филос. наук
_f1936-
_gПавлина Феодосьевна
_9145541
_3RU\NLR\AUTH\770145577
712 0 2 _aАкадемия гуманитарных наук
_cМосква
_3RU\NLR\AUTH\889921208
_9338550
801 0 _aRU
_bNLR
_gpsbo
801 1 _aRU
_bELAR
_2rusmarc
852 _aNLR
_j97-3/9071
942 _cBOOK
980 _aNB